Statistics for Toronto Raptors 2010s Top 10 Leaders

Click here to take the quiz!

General Stats

  • This quiz has been taken 104 times
  • The average score is 10 of 19

Answer Stats

Player% Correct
Kyle Lowry
99%
DeMar DeRozan
98%
Pascal Siakam
95%
Jonas Valanciunas
89%
Fred VanVleet
81%
Serge Ibaka
75%
Amir Johnson
58%
James Johnson
58%
José Calderon
54%
Terrence Ross
46%
Andrea Bargnani
44%
Norman Powell
41%
Jarrett Jack
29%
Ed Davis
25%
Patrick Patterson
18%
Greivis Vasquez
13%
Cory Joseph
12%
Delon Wright
9%
Lucas Nogueira
8%

Score Distribution

Percentile by Number Answered

Percent of People with Each Score

Your Score History

You have not taken this quiz